Capitals of Europe - Statistics

General Stats
  • This quiz has been taken 474 times
  • The average score is 36 of 45
Answer Stats
Hint Answer % Correct
France Paris
96%
Germany Berlin
95%
Belgium Brussels
95%
Ireland Dublin
95%
Italy Rome
95%
Greece Athens
93%
Denmark Copenhagen
92%
Austria Vienna
92%
Netherlands Amsterdam or The Hague
91%
Russia Moscow
91%
United Kingdom London
90%
Spain Madrid
90%
Finland Helsinki
89%
Portugal Lisbon
89%
Norway Oslo
89%
Luxembourg Luxembourg
88%
Poland Warsaw
88%
Monaco Monaco
87%
Czech Republic Prague
87%
Hungary Budapest
86%
San Marino San Marino
85%
Sweden Stockholm
84%
Vatican City Vatican City
84%
Switzerland Bern
83%
Ukraine Kiev
83%
Bulgaria Sofia
83%
Belarus Minsk
81%
Croatia Zagreb
80%
Iceland Reykjavik
78%
Bosnia & Herzegovina Sarajevo
78%
Romania Bucharest
77%
Andorra Andorra la Vella
76%
Latvia Riga
76%
Albania Tirana
73%
Serbia Belgrade
70%
Estonia Tallinn
69%
Slovakia Bratislava
64%
Liechtenstein Vaduz
64%
Malta Valletta
64%
Lithuania Vilnius
63%
Kosovo Pristina
62%
Macedonia Skopje
61%
Moldova Chisinau
57%
Slovenia Ljubljana
57%
Montenegro Podgorica
54%
No matching quizzes found
Score Distribution
Percent of People with Each Score
Percentile by Number Answered
Your Score History
You have not taken this quiz